000 01238nam0a2200313 4500
001 RU\NLR\bibl\11192
005 20260406051839.0
010 _a5-86444-059-0
_920000
021 _aRU
_b98-14532
_9685
035 _a(NLR Aleph) 000010913
090 _a37623
_c37623
100 _a19981228d1997 |||y0rusy50 ca
101 0 _arus
102 _aRU
105 _ay |||||||||
200 1 _aРусский язык
_eПунктуация: непроизвол. запоминание
_fЕ.В. Иванова, А.Н. Иванов
210 _aМ.
_cКультура и традиции
_d1997
215 _a47 с.
_cсхем.
_d21
300 _aНа 4-й с. обл. 2-й авт.: Иванов А.Н., к.т.н.
686 _aШ141.12-92-227
700 1 _4070
_8rus
_7ca
_aИванова
_bЕ. В.
_cканд. филол. наук
_gЕвгения Викторовна
_3RU\NLR\auth\777009
_9116952
701 1 _4070
_7ca
_8rus
_aИванов
_bА. Н.
_cканд. техн. наук
_gАлексей Николаевич
_9265304
_3RU\NLR\AUTH\770265360
801 0 _aRU
_bNLR
_c19981228
_gPSBO
801 1 _aRU
_bNLR
_c19981228
852 _aNLR
_j98-4/6316
942 _cBOOK
980 _aNB